Auto mechanics: an introduction and guide

Uloženo v:
Podrobná bibliografie
Hlavní autor: Little, A. Edward (autor)
Médium: Kniha
Jazyk:angličtina
Vydáno: Nueva York Franklin Watts 1974
Témata:
Tagy: Přidat tag
Žádné tagy, Buďte první, kdo vytvoří štítek k tomuto záznamu!

MARC

LEADER 00000nam a2200000 a 4500
001 UCO4694
003 CL-VaPUC
008 000811e19740000US |||||||||||||||||eng|d
082 0 4 |a 629.25  |b LIT  |2 21 
100 |a Little, A. Edward  |e autor  |9 449333 
245 1 0 |a Auto mechanics: an introduction and guide 
300 |a 115 p 
942 |c BK 
945 |d 20000811 00:00:00  |a vberengu 
260 |a Nueva York  |b Franklin Watts  |c 1974 
650 0 |a Automóviles  |9 260871 
650 7 |a MECANICA AUTOMOTRIZ  |2 CL-VaPUC  |9 428677 
650 0 |a Motores   |9 334293 
650 0 |a Piezas de vehículos   |9 365118 
583 |a last modification  |c 20000811 00:00:00  |k Rodrigo Vera 
999 |c 290701  |d 290699